Harley-Davidson

Bibliographic Details
Main Author: MIDDLEHURST, Tony
Format: Book
Published: London : Bison Books , 1990
Subjects:

MARC

LEADER 00000cam a2200000 7i4500
001 0000002696
002 000002924
005 20000330.0
020 |a 1854220144 
090 0 0 |a 629.2   |b MID 
100 1 |a MIDDLEHURST, Tony 
245 1 0 |a Harley-Davidson   |c Tony Middlehurst 
260 |a London :   |b Bison Books ,   |c 1990 
300 |a 112p. ;   |c 36cm. 
650 0 0 |a Motorcycles 
999 |a 036168   |b BUKU   |c RUJUKAN   |e PERPUSTAKAAN KOMUNITI PETALING JAYA